| 000 | 00583nam a2200205Ia 4500 | ||
|---|---|---|---|
| 003 | GCL | ||
| 008 | 140319s9999 xx 000 0 ara d | ||
| 040 |
_aGCL / _cGCL |
||
| 082 | 0 | 4 |
_a378.103 _bا ت |
| 100 | 1 | _aانيس, جيرولد | |
| 245 | 1 | 0 |
_aالتعليم العالى فى مجتمع متعلم / _cانيس, جيرولد |
| 700 | 1 | _aشحدة فارع | |
| 300 | _a155 ص | ||
| 490 |
_aكتاب _v0 |
||
| 650 | 0 | 4 | _aالمجتمع |
| 650 | 0 | 4 | _aالتعليم العالى |
| 650 | 0 | 4 | _aالجامعات والكليات |
| 650 | 0 | 4 | _aالطلبة |
| 942 |
_2ddc _cBK |
||
| 999 |
_c41576 _d41576 |
||